1083 1655 1464 1472 1473 1417 1600 1784 1488 1325 1204 1224 1609 1319 1738 1562 1218 1979 1003 1224 1585 1651 1636 1370 1089 1023 1505 1683 1951 1982 1098 1508 1760 1998 1937 1240 1865 1707 1325 1624 1772 1709 1896 1391 1394 1533 1917 1809 1528 1440 1028 1987 1570 1393 1770 1310 1664 1820 1411 1405 1583 1298 1981 1176 1913 1973 1296 1834 1653 1763 1243 1966 1091 1467 1996 1308 1810 1078 1714 1298 1872 1568 1231 1034 1628 1308 1870 1779 1058 1464 1116 1632 1379 1717 1965 1719 1287 1003 1689 BCNSPRNW ULIB Ver.6.0+V

เปลี่ยนเป็นภาษาไทย

Change to English
 แสดงรายละเอียดบรรณานุกรม
  กลับหน้าหลัก

Brief Record : Get Marc (ISO 2709) : E-mail record : QR code < ปิดหน้าต่าง
LEADER : 00000nam 2200000uu 4500
001    13399108657
003     ULIB
008    110311s2548||||th 000 0 tha d
060  4 QZ200^bส938ค 2548
110 1  กระทรวงสาธารณสุข^bกรมการแพทย์^bสถาบันมะเร็งแห่งชาติ^bศูนย์มะเร็งลพบุรี
245 00 คู่มือการดูแลช่องปากผู้ป่วยรับรังสีรักษาบริเวณศีรษะและคอ/^cบรรณาธิการ,นิวัติ เพียรไทย
250    พิมพ์ครั้งที่ 1
260    ลพบุรี:^bศูนย์มะเร็ง ลพบุรี,^c2548
300    44 หน้า:^bภาพประกอบ
700 0  สุณียา นามประเสริฐ,^eบรรณาธิการ
945    ^p0^l0^i019269
945    ^p0^l0^i019267
945    ^p0^l0^i019265
945    ^p0^l0^i019268
945    ^p0^l0^i019266
995    ทศพร
999 ^a ใช้งานได้ทุกระบบ
รายการนี้ยังไม่มีแท็ก
คุณยังไม่ได้ล็อกอิน คุณสามารถมีกิจกรรมร่วมกับเว็บไซต์ได้ แต่ต้องล็อกอินก่อน ::
  ล็อกอิน

รายการสื่อสารสนเทศ

ลำดับที่ ประเภท เลขเรียก/บาร์โค้ด สถานที่ สถานะ
- ไม่พบข้อมูล -

BibComment


ยังไม่เคยถูกคอมเมนท์

คอมเมนท์ทรัพยากรรายการนี้
  คอมเมนท์: คู่มือการดูแลช่อง..


 Copyright 2026. Bcnsprnw @Library